Guess the Indian Langauges - Statistics

General Stats
  • This quiz has been taken 111 times
  • The average score is 11 of 19
Answer Stats
Language Name % Correct
नमस्ते दुनिया Hindi
100%
வணக்கம் உலகம் Tamil
92%
ওহে বিশ্ব স্বাগতম Bengali
86%
سلام دنيا Sindhi / Urdu
82%
ਸਤਿ ਸ੍ਰੀ ਅਕਾਲ ਦੁਨਿਆ Punjabi
81%
പ്രണാമം ലോകം Malayalam
77%
నమస్కారం ప్రపంచం Telugu
75%
नमस्कार जग Konkani / Marathi
72%
ನಮಸ್ಕಾರ ವಿಶ್ವ Kannada
71%
હેલો વિશ્વ Gujarati
68%
প্ৰণাম পৃথিৱী Assamese
59%
ନମସ୍କାର ବିଶ୍ଵ Odia
51%
नमस्कार संसार Maithili / Nepali
49%
नमः जगत Sanskrit
46%
سلام دنیا Kashmiri
41%
ꯃꯔꯤ ꯂꯣꯀꯝ Manipuri (Meitei)
29%
सत श्री अकाल दुनिया Dogri
22%
मोजा बिथो Bodo
16%
ᱦᱟᱹᱱᱟ ᱵᱤᱛᱤ Santali
16%
No matching quizzes found
Score Distribution
Percent of People with Each Score
Percentile by Number Answered
Your Score History
You have not taken this quiz